Nástroje IT manažera
Gespeichert in:
| 1. Verfasser: | |
|---|---|
| Format: | Buch |
| Sprache: | Tschechisch |
| Veröffentlicht: |
Praha
Nakladatelství Forum
2011
|
| Schlagworte: | |
| Tags: |
Keine Tags, Fügen Sie das erste Tag hinzu!
|
MARC
| LEADER | 00000nam a2200000 4500 | ||
|---|---|---|---|
| 001 | 0126464 | ||
| 005 | 20240315114606.4 | ||
| 022 | |a 1802-3886 | ||
| 041 | 0 | |a cze | |
| 044 | |a CZ | ||
| 245 | 1 | 0 | |a Nástroje IT manažera |c autoři: Lukáš Berger ... [et al.] |
| 264 | 1 | |a Praha |b Nakladatelství Forum |c 2011 | |
| 300 | |a [300] s. | ||
| 610 | 2 | 0 | |a technológie informačné |
| 610 | 2 | 0 | |a technológie komunikačné |
| 610 | 2 | 0 | |a softvér |
| 610 | 2 | 0 | |a riadenie kvality |
| 610 | 2 | 0 | |a dodávatelia |
| 610 | 2 | 0 | |a právo pracovné |
| 610 | 2 | 0 | |a manažéri |
| 610 | 2 | 0 | |a gramotnosť informačná |
| 610 | 2 | 0 | |a práca z domu |
| 100 | 1 | |a Berger, Lukáš | |